[Event "FB1 2324 Karlsruher SF 1853 - Rodewische"]
[Site "?"]
[Date "2023.12.09"]
[Round "3.2"]
[White "Schmidt, Jessica"]
[Black "Sieber, Fiona"]
[Result "1-0"]
[WhiteElo "2202"]
[BlackElo "2274"]
[PlyCount "119"]
[EventDate "2023.??.??"]

1. d4 Nf6 2. Nf3 e6 3. c4 b6 4. Nc3 Bb4 5. Bd2 O-O 6. Rc1 d5 7. e3 Be7 8. Bd3 dxc4 9. Bxc4 Bb7 10. O-O c5 11. dxc5 Bxc5 12. Qe2 Nbd7 13. e4 Ng4 14. Bg5 Be7 15. Bf4 e5 16. Bg3 Bd6 17. Rfd1 Bc7 18. Bb5 Ngf6 19. Bh4 Qc8 20. Nd5 Bxd5 21. exd5 a6 22. Bc6 Ra7 23. d6 Bd8 24. Nxe5 Nxe5 25. Qxe5 Nd7 26. Qd4 Nc5 27. Bd5 Bxh4 28. Qxh4 Qd7 29. b4 Ne6 30. Bc6 Qd8 31. Qe4 h6 32. Qe3 Qb8 33. f4 Nd8 34. f5 b5 35. f6 Nxc6 36. Rxc6 Rd7 37. fxg7 Kxg7 38. Qd4+ Kh7 39. Qe4+ f5 40. Qd5 Qa7+ 41. Qc5 Rff7 42. h3 Qb7 43. Kh2 Kg6 44. Rd3 f4 45. Qd5 Rf6 46. Qc5 Rf5 47. Rd5 Rff7 48. Re5 Kg7 49. Re6 f3 50. Qe5+ Kh7 51. Qh5 Kg8 52. Qg6+ Kf8 53. Qxh6+ Rg7 54. Qf6+ Kg8 55. Re8+ Kh7 56. Qh4+ Kg6 57. Qe4+ Kh6 58. Re6+ Kh5 59. Rc5+ Rg5 60. Qg4# 1-0

[Event "FB1 2324 Karlsruher SF 1853 - Rodewische"]
[Site "?"]
[Date "2023.12.09"]
[Round "3.3"]
[White "Theissl Pokorna, Regina"]
[Black "Heinatz, Gundula"]
[Result "1-0"]
[WhiteElo "2301"]
[BlackElo "2107"]
[PlyCount "133"]
[EventDate "2023.??.??"]

1. e4 c6 2. c4 e6 3. Nc3 d5 4. exd5 exd5 5. d4 Nf6 6. Nf3 Be7 7. h3 O-O 8. Bd3 dxc4 9. Bxc4 Nbd7 10. O-O Nb6 11. Bb3 Nbd5 12. Re1 Bf5 13. Ne5 a5 14. Qf3 Be6 15. Bg5 Nc7 16. Bc2 Qxd4 17. Rad1 Qc5 18. Bxf6 Bxf6 19. Nd7 Bxd7 20. Rxd7 Ne6 21. Rxb7 Nd4 22. Qd3 Nxc2 23. Qxc2 Rab8 24. Rxb8 Rxb8 25. Qd2 Qd4 26. Qxd4 Bxd4 27. Na4 Kf8 28. b3 c5 29. Rc1 Re8 30. Kf1 Re5 31. Nb6 Re7 32. Nc4 Ra7 33. a4 Ke7 34. Ke2 Ke6 35. f4 f6 36. Kf3 Kd5 37. Re1 Kc6 38. Re6+ Kd7 39. Rb6 Bc3 40. Ke4 Bb4 41. Kd5 Rc7 42. Rd6+ Ke7 43. Re6+ Kf7 44. f5 h5 45. Rb6 Re7 46. Rb7 Rxb7 47. Nd6+ Ke7 48. Nxb7 h4 49. Nxc5 Kf7 50. Nd3 Bd2 51. Nf2 g6 52. Ne4 Bc1 53. Nd6+ Kg7 54. Ke6 gxf5 55. Nxf5+ Kg6 56. Nxh4+ Kg5 57. g3 Be3 58. Nf3+ Kg6 59. g4 Bc1 60. h4 Bb2 61. h5+ Kh6 62. Kf5 Bc3 63. Ng1 Kg7 64. Ne2 Bb2 65. Nf4 Bc3 66. Nd5 Bb2 67. b4 1-0

[Event "FB1 2324 Karlsruher SF 1853 - Rodewische"]
[Site "?"]
[Date "2023.12.09"]
[Round "3.4"]
[White "Kiefhaber, Veronika"]
[Black "Schoene, Maria"]
[Result "1/2-1/2"]
[WhiteElo "2106"]
[BlackElo "2166"]
[PlyCount "90"]
[EventDate "2023.??.??"]

1. e4 d6 2. d4 Nf6 3. Nc3 g6 4. h3 Bg7 5. Nf3 O-O 6. Be3 a6 7. a4 b6 8. Bc4 e6 9. d5 e5 10. O-O Nbd7 11. Nd2 Nh5 12. Ne2 f5 13. f3 f4 14. Bf2 Nhf6 15. c3 g5 16. g4 h5 17. Kg2 Kf7 18. Rh1 Rh8 19. a5 b5 20. Bd3 Nf8 21. c4 bxc4 22. Bxc4 Ng6 23. b4 Nh4+ 24. Bxh4 gxh4 25. Nc3 Bd7 26. Rc1 hxg4 27. fxg4 Bh6 28. Be2 f3+ 29. Bxf3 Qb8 30. Rb1 Qa7 31. Nc4 Rhg8 32. Qc2 Nh5 33. Ne2 Bb5 34. Rhf1 Nf4+ 35. Nxf4 Bxf4 36. Be2 Bxc4 37. Qxc4 Kg6 38. Rb3 Rgf8 39. Rc3 Rf7 40. Rcf3 Rff8 41. Rc3 Rf7 42. Rff3 Qb7 43. Rb3 Qa7 44. Rb1 Rff8 45. Rbb3 Rf7 1/2-1/2

[Event "FB1 2324 Karlsruher SF 1853 - Rodewische"]
[Site "?"]
[Date "2023.12.09"]
[Round "3.5"]
[White "Korenova, Martina"]
[Black "Doll, Rebecca"]
[Result "1/2-1/2"]
[WhiteElo "2160"]
[BlackElo "1932"]
[PlyCount "125"]
[EventDate "2023.??.??"]

1. e4 e5 2. Nf3 Nc6 3. Bc4 Bc5 4. c3 Nf6 5. d3 d6 6. Bg5 h6 7. Bh4 Bb6 8. Nbd2 Qe7 9. Bb3 Nb8 10. Nc4 Nbd7 11. Qe2 c6 12. Nxb6 axb6 13. O-O Nf8 14. d4 Ng6 15. Bg3 O-O 16. Rfe1 Nh5 17. Qe3 b5 18. Rad1 Nhf4 19. Rd2 Re8 20. dxe5 dxe5 21. Red1 Nh5 22. Rd6 Kh7 23. a3 Nxg3 24. fxg3 Qf8 25. Qe2 Ra6 26. Ng5+ hxg5 27. Qh5+ Kg8 28. Qxg6 c5 29. Rxa6 bxa6 30. Qxg5 c4 31. Bc2 Qc5+ 32. Kh1 Qf2 33. Qd2 Qxd2 34. Rxd2 Kf8 35. h3 Ke7 36. g4 Rh8 37. Kg1 g5 38. a4 Bd7 39. axb5 axb5 40. Kf2 Bc6 41. Ke3 f6 42. b3 Ra8 43. bxc4 bxc4 44. Re2 Ra3 45. Kd2 Ba4 46. Bxa4 Rxa4 47. Kc1 Ra3 48. Kb2 Rb3+ 49. Kc2 Ra3 50. Kd2 Ra2+ 51. Ke3 Ra3 52. Rc2 Ra1 53. Kf2 Rh1 54. Re2 Rc1 55. Re3 Rc2+ 56. Kg3 Kf7 57. Kh2 Ke6 58. Kg1 Rc1+ 59. Kh2 Rc2 60. Kg1 Rc1+ 61. Kf2 Rc2+ 62. Kg3 Kf7 63. Kf3 1/2-1/2

[Event "FB1 2324 Karlsruher SF 1853 - Rodewische"]
[Site "?"]
[Date "2023.12.09"]
[Round "3.6"]
[White "Scheynin, Julia"]
[Black "Miturova, Magdalena"]
[Result "0-1"]
[WhiteElo "1904"]
[BlackElo "2122"]
[PlyCount "86"]
[EventDate "2023.??.??"]

1. e4 e5 2. Nf3 Nc6 3. Bb5 a6 4. Ba4 Nf6 5. O-O Be7 6. d3 b5 7. Bb3 d6 8. c3 O-O 9. h3 Na5 10. Bc2 c5 11. Re1 Nc6 12. a3 Qc7 13. Bg5 h6 14. Bh4 Be6 15. Nbd2 Rad8 16. Qe2 Rfe8 17. Bb3 c4 18. Bc2 cxd3 19. Bxd3 Nh5 20. Bxe7 Rxe7 21. Qe3 Nf4 22. c4 Nxd3 23. Qxd3 bxc4 24. Nxc4 d5 25. exd5 Bxd5 26. Qc3 e4 27. Nfd2 Bxc4 28. Nxc4 Rd3 29. Qc1 Nd4 30. Ne3 Qb7 31. Qc4 Rc7 32. Qa4 f5 33. Rad1 Qxb2 34. Qe8+ Kh7 35. Rb1 Qxa3 36. Rb8 Qe7 37. Qh8+ Kg6 38. Nd5 Nf3+ 39. gxf3 Rxd5 40. fxe4 fxe4 41. Re8 Rg5+ 42. Kh1 Qd7 43. Kh2 Rc3 0-1

[Event "SG 1871 Löberitz - Hamburger SK"]
[Site "?"]
[Date "2023.12.10"]
[Round "4.1"]
[White "Roebers, Eline"]
[Black "Reizniece-Ozola, Dana"]
[Result "0-1"]
[WhiteElo "2388"]
[BlackElo "2252"]
[PlyCount "74"]
[EventDate "2023.??.??"]

1. e4 c5 2. Nf3 Nc6 3. d4 cxd4 4. Nxd4 e5 5. Nb5 d6 6. N1c3 a6 7. Na3 b5 8. Nd5 Nce7 9. c4 Nxd5 10. exd5 bxc4 11. Nxc4 Nf6 12. Bd2 a5 13. Qa4+ Bd7 14. Qa3 Qb8 15. Be2 Be7 16. Bxa5 Nxd5 17. Bf3 Qb5 18. Rd1 Bc6 19. Be2 Qb7 20. Bf3 Nf4 21. Nxd6+ Bxd6 22. Qxd6 Bxf3 23. Qxe5+ Ne6 24. gxf3 O-O 25. O-O Qxf3 26. Bc3 Ra4 27. b4 Ra3 28. Rc1 h5 29. Rfe1 h4 30. Re3 Qg4+ 31. Kh1 Rd8 32. Rg1 Rd1 33. Be1 Rxe3 34. Qxe3 Qf5 35. f3 Nd4 36. Kg2 h3+ 37. Kf2 Rd3 0-1

[Event "SG 1871 Löberitz - Hamburger SK"]
[Site "?"]
[Date "2023.12.10"]
[Round "4.2"]
[White "Rogule, Laura"]
[Black "Papp, Sarah"]
[Result "0-1"]
[WhiteElo "2253"]
[BlackElo "2309"]
[PlyCount "82"]
[EventDate "2023.??.??"]

1. c4 e5 2. g3 c6 3. d4 e4 4. Nc3 d5 5. cxd5 cxd5 6. Qb3 Nc6 7. Qxd5 Qxd5 8. Nxd5 Nxd4 9. Nc7+ Kd8 10. Nxa8 Nc2+ 11. Kd1 Nxa1 12. Bf4 Nf6 13. Bc7+ Ke8 14. Kc1 Be6 15. Kb1 Kd7 16. Bh3 Bc5 17. Bxe6+ Kxe6 18. Nh3 Rxa8 19. Rc1 b6 20. Kxa1 h6 21. Nf4+ Ke7 22. f3 g5 23. Ng2 Ke6 24. g4 Rc8 25. Bg3 Rd8 26. Be1 exf3 27. exf3 Rd3 28. f4 Nxg4 29. fxg5 hxg5 30. h4 Ne3 31. Nxe3 Bxe3 32. Rb1 g4 33. h5 f5 34. Bh4 Rd7 35. Re1 f4 36. Kb1 Kf5 37. Kc2 Ke4 38. h6 g3 39. Bf6 Rd2+ 40. Kc3 Rh2 41. Bg7 g2 0-1

[Event "SG 1871 Löberitz - Hamburger SK"]
[Site "?"]
[Date "2023.12.10"]
[Round "4.3"]
[White "Lubbe, Melanie"]
[Black "Berzina, Ilze"]
[Result "1-0"]
[WhiteElo "2257"]
[BlackElo "2169"]
[PlyCount "149"]
[EventDate "2023.??.??"]

1. e4 c6 2. d4 d5 3. Nc3 dxe4 4. Nxe4 Nd7 5. Ng5 Ngf6 6. Bd3 e6 7. N1f3 Bd6 8. Qe2 h6 9. Ne4 Nxe4 10. Qxe4 Nf6 11. Qe2 Qc7 12. Bd2 b6 13. O-O-O Bb7 14. Ne5 c5 15. Bb5+ Ke7 16. dxc5 Qxc5 17. a3 Qc7 18. Bf4 Nd5 19. Bg3 Rhd8 20. Rd4 Kf8 21. Rc4 Qe7 22. Bh4 g5 23. Bg3 Nf4 24. Bxf4 gxf4 25. Qh5 Bxe5 26. Qxe5 Qg5 27. Qxg5 hxg5 28. f3 a6 29. Rc7 Bd5 30. Be2 Kg7 31. h4 g4 32. h5 gxf3 33. gxf3 e5 34. h6+ Kf6 35. h7 Kg7 36. Rh5 e4 37. h8=Q+ Rxh8 38. Rxd5 Rh2 39. Bd1 e3 40. Re7 Rh1 41. b4 Rah8 42. Kb2 R8h2 43. Rdd7 Kg6 44. Rd6+ Kg7 45. Rd4 Rd2 46. Rxf4 Rdxd1 47. Rxe3 Ra1 48. Re7 Rhb1+ 49. Kc3 Rxa3+ 50. Kd2 Kg6 51. Rexf7 Rxb4 52. R7f6+ Kg7 53. Rxb4 Kxf6 54. Rxb6+ Ke5 55. Rb3 Ra2 56. Rb8 a5 57. Kc1 a4 58. Rf8 Ra1+ 59. Kb2 Rf1 60. Ka3 Rf2 61. c3 Kd5 62. Kxa4 Kc4 63. Rc8+ Kd3 64. c4 Rxf3 65. Kb5 Kd4 66. Rd8+ Ke5 67. c5 Ke6 68. c6 Rc3 69. Kb6 Rb3+ 70. Ka7 Rc3 71. Kb7 Rb3+ 72. Kc8 Ke7 73. Rd7+ Ke8 74. Rb7 Ra3 75. Kb8 1-0

[Event "SG 1871 Löberitz - Hamburger SK"]
[Site "?"]
[Date "2023.12.10"]
[Round "4.4"]
[White "Ter-Avetisjana, Agnesa Stepania"]
[Black "Genova, Lyubka"]
[Result "1/2-1/2"]
[WhiteElo "1974"]
[BlackElo "2247"]
[PlyCount "65"]
[EventDate "2023.??.??"]

1. d4 Nf6 2. c4 e6 3. Nc3 Bb4 4. e3 b6 5. Nge2 Bb7 6. a3 Bxc3+ 7. Nxc3 O-O 8. d5 d6 9. Bd3 Nbd7 10. e4 Ba6 11. b3 Nc5 12. O-O exd5 13. exd5 Nxd3 14. Qxd3 Nd7 15. Bb2 Qh4 16. Nb5 Bxb5 17. cxb5 Nc5 18. Qc3 f6 19. Rae1 Rae8 20. Qc2 a5 21. bxa6 Nxa6 22. Qc6 Qh5 23. b4 Qf7 24. Qb7 Ra8 25. Re3 Qd7 26. Rc1 Rfb8 27. Qc6 Qxc6 28. Rxc6 Ra7 29. Re7 Kf8 30. Rd7 Re8 31. g4 Re7 32. Rd8+ Re8 33. Rd7 1/2-1/2

[Event "SG 1871 Löberitz - Hamburger SK"]
[Site "?"]
[Date "2023.12.10"]
[Round "4.5"]
[White "Ziegenfuß, Antonia"]
[Black "Otikova, Elina"]
[Result "1-0"]
[WhiteElo "2199"]
[BlackElo "2050"]
[PlyCount "125"]
[EventDate "2023.??.??"]

1. d4 d5 2. c4 e6 3. Nc3 Bb4 4. cxd5 exd5 5. Bf4 Nf6 6. e3 Ne4 7. Qc2 Nxc3 8. bxc3 Bd6 9. Bxd6 Qxd6 10. Bd3 c5 11. Nf3 Nc6 12. O-O h6 13. e4 dxe4 14. Bxe4 O-O 15. d5 f5 16. dxc6 fxe4 17. Qxe4 Bf5 18. Rad1 Bxe4 19. Rxd6 Bxc6 20. Ne5 Rad8 21. Rfd1 Rxd6 22. Rxd6 Bb5 23. g3 Rf6 24. Rd8+ Kh7 25. h4 Rf5 26. f4 g5 27. Rc8 gxf4 28. Rc7+ Kg8 29. Ng6 Rf7 30. Rxc5 Rg7 31. h5 Be8 32. Rc8 Kf7 33. gxf4 Bd7 34. Rc7 Kf6 35. Rxb7 Bg4 36. Rxg7 Kxg7 37. c4 Kf6 38. Kf2 Bxh5 39. Ne5 Be8 40. Kg3 Kf5 41. c5 Ke6 42. Kg4 Kd5 43. c6 Kd6 44. Kh4 a6 45. a3 Kc7 46. f5 Kd6 47. f6 Kc7 48. Kg4 Kd6 49. Kf5 h5 50. Kg5 Kc7 51. Kf4 Kd6 52. Kf5 h4 53. Kf4 Bh5 54. Ke3 Kc7 55. Kf2 Kd6 56. Kg2 Be8 57. Kh2 a5 58. a4 Bh5 59. Kh3 Be8 60. Kxh4 Kc7 61. Kg5 Kd6 62. Kh6 Kc7 63. Kg7 1-0

[Event "SG 1871 Löberitz - Hamburger SK"]
[Site "?"]
[Date "2023.12.10"]
[Round "4.6"]
[White "Giebel, Christine"]
[Black "Rogozenco, Teodora"]
[Result "0-1"]
[WhiteElo "1843"]
[BlackElo "1968"]
[PlyCount "70"]
[EventDate "2023.??.??"]

1. e4 e5 2. Nf3 Nc6 3. d4 exd4 4. Nxd4 Bb4+ 5. c3 Bc5 6. Be3 Bb6 7. Be2 Nf6 8. Nxc6 bxc6 9. Bxb6 axb6 10. Nd2 O-O 11. O-O Re8 12. Bd3 Ba6 13. Qe2 Bxd3 14. Qxd3 d5 15. exd5 Qxd5 16. Qxd5 cxd5 17. a3 Re2 18. Rad1 Rae8 19. h3 Kf8 20. g4 c6 21. c4 d4 22. b4 c5 23. Nb3 Ne4 24. Rd3 Rb2 25. bxc5 bxc5 26. Re1 Nxf2 27. Rxe8+ Kxe8 28. Rf3 Ne4 29. a4 f6 30. a5 Kd7 31. h4 Kc6 32. Rd3 Nd6 33. Nxd4+ cxd4 34. Rxd4 Rc2 35. Rd5 Rxc4 0-1

[Event "SV Blauweiß Allianz Leipzig - Solingen"]
[Site "?"]
[Date "2023.12.10"]
[Round "4.1"]
[White "Gaponenko, Inna"]
[Black "Rößler, Ulrike"]
[Result "1-0"]
[WhiteElo "2336"]
[BlackElo "2155"]
[PlyCount "107"]
[EventDate "2023.??.??"]

1. e4 c5 2. Nf3 d6 3. d4 cxd4 4. Nxd4 Nf6 5. Nc3 a6 6. Be3 e5 7. Nb3 Be7 8. Qd2 Ng4 9. g3 Nxe3 10. Qxe3 Bg5 11. f4 exf4 12. gxf4 Bh4+ 13. Kd2 Nc6 14. Rg1 O-O 15. Rd1 Re8 16. Kc1 Be6 17. Bh3 Qc7 18. f5 Bxb3 19. Qh6 f6 20. Qxh4 Bc4 21. b3 Ne5 22. Qxf6 Kh8 23. Qxd6 Qa5 24. Kb2 Rad8 25. Qa3 Qc7 26. Rxd8 Rxd8 27. Rd1 Bd3 28. Bf1 Bxf1 29. Rxf1 Rc8 30. Qb4 a5 31. Qd4 a4 32. Rd1 h6 33. a3 axb3 34. cxb3 Nf3 35. Qe3 Qxh2+ 36. Qe2 Qxe2+ 37. Nxe2 Kg8 38. Nf4 Re8 39. Ne6 Ng5 40. Nxg5 hxg5 41. Re1 Rc8 42. Rg1 Re8 43. Rxg5 Kf7 44. Rg4 Kf6 45. Kc3 Re7 46. Kd4 Rd7+ 47. Ke3 Rc7 48. Rg6+ Kf7 49. Rb6 Ke7 50. Kf4 Kd8 51. e5 Kc8 52. Rb4 Kd8 53. Kg5 Ke8 54. Kg6 1-0

[Event "SV Blauweiß Allianz Leipzig - Solingen"]
[Site "?"]
[Date "2023.12.10"]
[Round "4.2"]
[White "Hincu, Olga"]
[Black "van Foreest, Machteld"]
[Result "0-1"]
[WhiteElo "2108"]
[BlackElo "2344"]
[PlyCount "98"]
[EventDate "2023.??.??"]

1. d4 d5 2. Nf3 Nf6 3. c4 e6 4. e3 c6 5. Nbd2 Bd6 6. Bd3 Nbd7 7. O-O O-O 8. b3 Re8 9. Bb2 e5 10. e4 exd4 11. exd5 Ne5 12. Nxe5 Bxe5 13. f4 Bc7 14. dxc6 bxc6 15. c5 Ng4 16. Nc4 Qh4 17. h3 Ne3 18. Qf3 Nxf1 19. Rxf1 Be6 20. Bxd4 Bd5 21. Qf2 Qxf2+ 22. Rxf2 Re1+ 23. Kh2 Rd1 24. Nb2 Rd2 25. g3 Rxf2+ 26. Bxf2 Rd8 27. Nc4 Bf3 28. Bc2 Re8 29. Kg1 Re2 30. Ne3 Ba5 31. Kf1 Bb4 32. Bd3 Rd2 33. Nc2 Bc3 34. Ne1 Rd1 35. Bc2 Ra1 36. a4 Kf8 37. Bd3 Ke7 38. g4 Ke6 39. Bxh7 Kd5 40. Bd3 Bxe1 41. Bxe1 Kd4 42. Bc4 Ke3 43. b4 Rxa4 44. Bxf7 Ra1 45. Bc4 Rc1 46. Ba6 Rc2 47. Bg3 Rg2 48. Bh4 Rh2 49. Ke1 Ra2 0-1

[Event "SV Blauweiß Allianz Leipzig - Solingen"]
[Site "?"]
[Date "2023.12.10"]
[Round "4.3"]
[White "Mütsch, Annmarie"]
[Black "Wagenschütz, Evelyn"]
[Result "1-0"]
[WhiteElo "2278"]
[BlackElo "2115"]
[PlyCount "151"]
[EventDate "2023.??.??"]

1. d4 Nf6 2. Bg5 d5 3. Nd2 Nbd7 4. Ngf3 h6 5. Bh4 c5 6. e3 e6 7. Be2 Bd6 8. O-O cxd4 9. exd4 Qb6 10. c4 Qxb2 11. c5 Bf4 12. a4 Bxd2 13. Qxd2 Qxd2 14. Nxd2 O-O 15. f4 b6 16. c6 Nb8 17. Rfc1 Na6 18. a5 bxa5 19. c7 Nb4 20. Rxa5 Bd7 21. Bxf6 gxf6 22. Nb3 Rfc8 23. Rac5 Kf8 24. Na5 a6 25. Kf2 Bb5 26. Ke3 Ra7 27. Rb1 Bxe2 28. Kxe2 Raxc7 29. Rxc7 Rxc7 30. Rxb4 Rc2+ 31. Kf3 Rc3+ 32. Kf2 Rc2+ 33. Kg3 Rc3+ 34. Kh4 Rc2 35. Kh3 Ra2 36. Nc6 a5 37. Rb7 a4 38. Ra7 a3 39. Nd8 Rd2 40. Rxa3 Rxd4 41. g3 Rc4 42. Ra7 d4 43. Nxf7 d3 44. Nxh6 Rd4 45. Ra1 f5 46. Kg2 Kg7 47. Nxf5+ exf5 48. Rd1 Kg6 49. Kf3 Kh5 50. h3 Rd8 51. Rd2 Rd7 52. Ke3 Rg7 53. Rg2 Rd7 54. Kd2 Rd4 55. Rf2 Ra4 56. Rf3 Ra2+ 57. Kxd3 Rh2 58. h4 Kg4 59. Re3 Rh1 60. Kd4 Ra1 61. Ke5 Ra6 62. Rd3 Ra1 63. Ke6 Ra6+ 64. Ke5 Ra5+ 65. Rd5 Ra3 66. h5 Rxg3 67. h6 Rh3 68. Rd6 Re3+ 69. Kf6 Kxf4 70. Rd4+ Re4 71. Rxe4+ fxe4 72. h7 e3 73. h8=Q Kf3 74. Qh4 Ke2 75. Ke5 Kd2 76. Qd4+ 1-0

[Event "SV Blauweiß Allianz Leipzig - Solingen"]
[Site "?"]
[Date "2023.12.10"]
[Round "4.4"]
[White "Schulz, Petra"]
[Black "Agrest, Inna"]
[Result "0-1"]
[WhiteElo "1998"]
[BlackElo "2281"]
[PlyCount "88"]
[EventDate "2023.??.??"]

1. e4 e5 2. Nf3 Nc6 3. Bb5 a6 4. Bxc6 dxc6 5. O-O Bg4 6. h3 Bh5 7. g4 Bg6 8. Nxe5 Qh4 9. Qf3 f6 10. Nxg6 hxg6 11. Kg2 O-O-O 12. d3 g5 13. Nd2 Kb8 14. Rh1 Ne7 15. Nf1 Qh7 16. Ng3 Ng6 17. Nf5 Bd6 18. Kf1 Bf4 19. Be3 Ne5 20. Qe2 g6 21. Ng3 Qe7 22. Kg2 c5 23. b3 Qd6 24. Qd2 Bxg3 25. fxg3 f5 26. gxf5 gxf5 27. Bxg5 fxe4 28. Bxd8 Rxd8 29. Qe3 exd3 30. cxd3 c4 31. bxc4 Qc6+ 32. Qe4 Qc5 33. Rad1 Rd4 34. Qf5 Qc6+ 35. Kf2 Qd6 36. Ke3 Nc6 37. Rhg1 Qa3 38. Rgf1 Rd8 39. Rf4 Re8+ 40. Re4 Rf8 41. Qg6 Qc5+ 42. d4 Qa3+ 43. Rd3 Qc1+ 44. Rd2 Qc3+ 0-1

[Event "SV Blauweiß Allianz Leipzig - Solingen"]
[Site "?"]
[Date "2023.12.10"]
[Round "4.5"]
[White "Kononenko, Tatiana"]
[Black "Just, Dr. Anita"]
[Result "1-0"]
[WhiteElo "2326"]
[BlackElo "1876"]
[PlyCount "77"]
[EventDate "2023.??.??"]

1. d4 e6 2. Bf4 f5 3. e3 Nf6 4. Be2 Be7 5. h3 Ne4 6. Nf3 b6 7. O-O O-O 8. Nfd2 d5 9. Nxe4 fxe4 10. Nd2 Bd6 11. Bxd6 Qxd6 12. f3 exf3 13. Nxf3 Nd7 14. Qe1 Qe7 15. Qg3 Nf6 16. Bd3 g6 17. Qh4 Qg7 18. Rf2 Bd7 19. Raf1 Rae8 20. Ne5 g5 21. Qg3 Bc8 22. Nf3 g4 23. Ne5 gxh3 24. Qxh3 h5 25. Qh4 Nd7 26. Rf7 Rxf7 27. Rxf7 Qxf7 28. Nxf7 Kxf7 29. Qf4+ Ke7 30. Qxc7 a6 31. a4 Rf8 32. b3 Rg8 33. c4 Rf8 34. Be2 Rh8 35. cxd5 exd5 36. Bf3 a5 37. Bxd5 Ba6 38. Bc6 Rd8 39. e4 1-0

[Event "SV Blauweiß Allianz Leipzig - Solingen"]
[Site "?"]
[Date "2023.12.10"]
[Round "4.6"]
[White "Germann, Heike"]
[Black "Zozulia, Anna"]
[Result "0-1"]
[WhiteElo "1955"]
[BlackElo "2214"]
[PlyCount "62"]
[EventDate "2023.??.??"]

1. d4 g6 2. c4 Bg7 3. Nc3 d6 4. e4 Nc6 5. Nge2 e5 6. d5 Nce7 7. g3 f5 8. Bg2 Nf6 9. Bd2 O-O 10. Qc2 c6 11. O-O cxd5 12. exd5 Bd7 13. b4 Rc8 14. Qb3 Kh8 15. Rac1 a6 16. a4 h6 17. c5 g5 18. cxd6 Ng6 19. b5 Ne8 20. Na2 axb5 21. Rxc8 Bxc8 22. axb5 Nxd6 23. Bb4 Re8 24. Rc1 e4 25. Bc3 Ne5 26. Nd4 Nd3 27. Rd1 Qb6 28. Ne6 Qxf2+ 29. Kh1 Bxe6 30. Bxg7+ Kxg7 31. Qc3+ Kg6 0-1

[Event "FB1 2324 TuRa Harksheide  - SK Schwäbis"]
[Site "?"]
[Date "2023.12.10"]
[Round "4.1"]
[White "Arabidze, Meri"]
[Black "Antolak, Julia"]
[Result "1-0"]
[WhiteElo "2462"]
[BlackElo "2287"]
[PlyCount "133"]
[EventDate "2023.??.??"]

1. d4 Nf6 2. c4 e6 3. Nc3 Bb4 4. f3 c5 5. d5 O-O 6. e4 b5 7. e5 Ne8 8. f4 exd5 9. cxd5 d6 10. Nf3 Bb7 11. Bxb5 dxe5 12. Nxe5 Nc7 13. Bc4 Bxd5 14. O-O Bxc4 15. Qxd8 Rxd8 16. Nxc4 Bxc3 17. bxc3 Nc6 18. Be3 Nd5 19. Rac1 Nce7 20. f5 Nxe3 21. Nxe3 Rd3 22. Rf3 h5 23. f6 gxf6 24. c4 Nc6 25. Nd5 Rxf3 26. gxf3 Nd4 27. Kf2 f5 28. Nf6+ Kg7 29. Nxh5+ Kf8 30. Nf4 Ke7 31. Rb1 Kd6 32. Rb7 Rh8 33. h3 Ne6 34. Nd3 Rxh3 35. Rxa7 Nd4 36. Ra6+ Kc7 37. Ne5 f6 38. Kg2 Rh8 39. Nd3 Re8 40. Nf4 Kb7 41. Rxf6 Ra8 42. Nd3 Rxa2+ 43. Kg3 Ne2+ 44. Kh4 Nd4 45. Nxc5+ Kc8 46. f4 Rc2 47. Na4 Nf3+ 48. Kh5 Nd2 49. Kg6 Nxc4 50. Nb6+ Nxb6 51. Rxb6 Kd7 52. Kf6 Rc4 53. Kxf5 Ke7 54. Kg5 Kf7 55. f5 Rc7 56. Rh6 Rc1 57. Rh7+ Kg8 58. Re7 Kf8 59. Kf6 Rc6+ 60. Re6 Rc7 61. Kg5 Rg7+ 62. Rg6 Kf7 63. Kh6 Rg8 64. Rxg8 Kxg8 65. Kg6 Kf8 66. Kf6 Kg8 67. Ke7 1-0

[Event "FB1 2324 TuRa Harksheide  - SK Schwäbis"]
[Site "?"]
[Date "2023.12.10"]
[Round "4.2"]
[White "Unuk, Laura"]
[Black "Atalik, Ekaterina"]
[Result "1/2-1/2"]
[WhiteElo "2345"]
[BlackElo "2405"]
[PlyCount "48"]
[EventDate "2023.??.??"]

1. c4 e5 2. g3 Nf6 3. Bg2 d5 4. cxd5 Nxd5 5. Nf3 Nc6 6. O-O Be7 7. d4 exd4 8. Nxd4 Nxd4 9. Qxd4 Nf6 10. Qxd8+ Bxd8 11. Na3 O-O 12. Nc4 c6 13. Nd6 Bc7 14. Nxc8 Raxc8 15. Rd1 Rcd8 16. Be3 Bb6 17. Bxb6 axb6 18. e3 b5 19. Kf1 Rxd1+ 20. Rxd1 Ra8 21. a3 Kf8 22. Ke2 Ke7 23. Rd2 Nd7 24. Kd1 Nb6 1/2-1/2

[Event "FB1 2324 TuRa Harksheide  - SK Schwäbis"]
[Site "?"]
[Date "2023.12.10"]
[Round "4.3"]
[White "Matnadze Bujiashvili, Ann"]
[Black "Urh, Zala"]
[Result "0-1"]
[WhiteElo "2370"]
[BlackElo "2265"]
[PlyCount "78"]
[EventDate "2023.??.??"]

1. b3 d5 2. Bb2 Nf6 3. e3 c5 4. f4 Bf5 5. Nf3 e6 6. Bb5+ Nfd7 7. O-O a6 8. Bxd7+ Nxd7 9. a4 Be7 10. Bxg7 Rg8 11. Bb2 Bf6 12. Qc1 Qe7 13. Kh1 Qf8 14. d4 Qg7 15. Rf2 cxd4 16. Bxd4 Rc8 17. Qb2 Be4 18. Nbd2 Rxc2 19. Nxe4 Rxb2 20. Nxf6+ Qxf6 21. Bxb2 Qd8 22. Rc1 f6 23. h3 Qb6 24. Bd4 Qb4 25. Rc8+ Kf7 26. Ng5+ fxg5 27. Bc3 Qxb3 28. fxg5+ Ke7 29. Rxg8 Qxc3 30. Rf1 Qxe3 31. Rg7+ Kd6 32. Rff7 Nc5 33. Rxh7 Qxg5 34. h4 Qc1+ 35. Kh2 d4 36. Rh8 d3 37. Rd8+ Ke5 38. Rf2 Qe1 39. Rff8 d2 0-1

[Event "FB1 2324 TuRa Harksheide  - SK Schwäbis"]
[Site "?"]
[Date "2023.12.10"]
[Round "4.4"]
[White "Lach, Aleksandra"]
[Black "Guichard, Pauline"]
[Result "1/2-1/2"]
[WhiteElo "2285"]
[BlackElo "2386"]
[PlyCount "127"]
[EventDate "2023.??.??"]

1. e4 e5 2. Nf3 Nc6 3. Nc3 Nf6 4. d4 exd4 5. Nxd4 Bb4 6. Nxc6 bxc6 7. Bd3 d5 8. exd5 O-O 9. O-O Bg4 10. Ne2 cxd5 11. h3 Bh5 12. c4 Re8 13. Qc2 c6 14. Bg5 Bg6 15. Bxg6 hxg6 16. Rad1 Qa5 17. Bxf6 gxf6 18. cxd5 cxd5 19. Nf4 Rad8 20. Qc6 Bd2 21. Nd3 Kg7 22. Qc2 Bg5 23. b4 Qa3 24. Rb1 d4 25. Rb3 Qa6 26. Qb2 Qc4 27. Rd1 Re4 28. Ra3 Re7 29. Qb3 Qc7 30. Ra5 Re2 31. Rc5 Qd6 32. Qc4 Rde8 33. Rc6 Qd8 34. Rc7 R8e7 35. Rxe7 Qxe7 36. Kf1 f5 37. Qxd4+ Bf6 38. Qc4 Re4 39. Qb3 Rd4 40. Nc5 Qd6 41. Rxd4 Bxd4 42. Nd3 Qh2 43. Qd5 Bf6 44. b5 g5 45. a4 Qh1+ 46. Ke2 Qa1 47. Qb3 f4 48. Kf3 Bd4 49. h4 gxh4 50. Nxf4 Be5 51. Nd3 Bf6 52. Nf4 Be5 53. Nh3 Bf6 54. Qc2 Qd4 55. Nf4 Bg5 56. Qe4 Qd1+ 57. Ne2 h3 58. Qe5+ Bf6 59. Qg3+ Kf8 60. Qb8+ Kg7 61. Qg3+ Kf8 62. Qb8+ Kg7 63. Qg3+ Kf8 64. Qb8+ 1/2-1/2

[Event "FB1 2324 TuRa Harksheide  - SK Schwäbis"]
[Site "?"]
[Date "2023.12.10"]
[Round "4.5"]
[White "Melia, Salome"]
[Black "Brandt, Carina"]
[Result "1-0"]
[WhiteElo "2353"]
[BlackElo "2060"]
[PlyCount "107"]
[EventDate "2023.??.??"]

1. e4 e6 2. d4 d5 3. Nd2 dxe4 4. Nxe4 Bd7 5. Nf3 Bc6 6. Bd3 Nd7 7. O-O Ngf6 8. Ned2 Be7 9. Re1 O-O 10. c3 b5 11. Qc2 a6 12. Ne5 Bb7 13. Nb3 c5 14. Nxd7 Qxd7 15. Nxc5 Bxc5 16. dxc5 Qd5 17. f3 Rfd8 18. Bf1 Qxc5+ 19. Be3 Qc7 20. Qf2 Nd5 21. Bd4 Rd7 22. a4 b4 23. c4 Ne7 24. Bb6 Qf4 25. Rad1 Rxd1 26. Rxd1 Nf5 27. Qd2 Qxd2 28. Rxd2 Bc6 29. a5 h5 30. Kf2 Be8 31. Bd3 Ne7 32. Be4 Nc6 33. b3 Rc8 34. f4 f5 35. Bf3 g6 36. g3 Kf7 37. h3 Ke7 38. Bc5+ Kf6 39. Bxc6 Bxc6 40. Bxb4 Kf7 41. Rd6 Kf6 42. Bc3+ Ke7 43. Be5 Kf7 44. Ke3 Ke7 45. Kd4 Kf7 46. h4 Ke7 47. b4 Kf7 48. Rxc6 Rxc6 49. b5 axb5 50. cxb5 Rc1 51. a6 Ra1 52. Kc5 Ra4 53. Kb6 Ke7 54. Kb7 1-0

[Event "FB1 2324 TuRa Harksheide  - SK Schwäbis"]
[Site "?"]
[Date "2023.12.10"]
[Round "4.6"]
[White "Koehler, Inken"]
[Black "Daulyte-Cornette, Deimante"]
[Result "1/2-1/2"]
[WhiteElo "2011"]
[BlackElo "2375"]
[PlyCount "89"]
[EventDate "2023.??.??"]

1. d4 Nf6 2. c4 e6 3. Nc3 d5 4. e3 a6 5. Bd2 dxc4 6. Bxc4 c5 7. Nf3 Nc6 8. dxc5 Bxc5 9. Rc1 O-O 10. O-O Qe7 11. Na4 Ba7 12. Bxa6 bxa6 13. Rxc6 Bb7 14. Rc4 Bd5 15. Rf4 e5 16. Bb4 Qe6 17. Ng5 Qc6 18. Rxf6 Qxf6 19. Bxf8 Bc6 20. Qc2 Qg6 21. Qxg6 hxg6 22. Bc5 Bxa4 23. Bxa7 Rxa7 24. Rc1 Bd7 25. Ne4 f6 26. Nd6 Be6 27. b3 a5 28. Nb5 Rd7 29. h3 Rd2 30. Nc3 g5 31. Kf1 g4 32. hxg4 Bxg4 33. Ke1 Rb2 34. Kf1 Kf7 35. f3 Be6 36. e4 g5 37. Na4 Rxa2 38. Rc7+ Kg6 39. Nc5 Bf7 40. Ra7 Ra3 41. Kf2 g4 42. Kg3 gxf3 43. gxf3 Bxb3 44. Nxb3 Rxb3 45. Rxa5 1/2-1/2